00474nam a2200181 a 4500001001300000003000900013005001700022008004100039020001000080082001500090100002400105245004200129260003200171300000800203500003500211650002200246700002400268nice12345678IN_TiNIC20260116012855.0070801s1914 lona grp 000 0 urd  ac10000a297.4bANW aAnwar Ali, Mohammad aQanoon-E-sulook (manzil-E-naqshbandi) aLondon bNo Publisherc1914 a72p aincludes index and biblioraphy aSufism-Naqshbandi1 aAnwar Ali, Mohammad